Detectives from Scotland Yard /

Guardado en:
Formato: Libro
Idioma:Undetermined
Publicado: 2015.
Materias:
Etiquetas: Agregar Etiqueta
Sin Etiquetas, Sea el primero en etiquetar este registro!
LEADER 00359nam a22001335a 4500
001 CEM.cems018968
008 211019s2015####xx############000#0#und#d
005 20211019194931.0
003 CEMS
245 1 0 |a Detectives from Scotland Yard /  |c LG Alexander. 
260 |c 2015. 
653 |a Texto Inglés 
653 |a Caja Inglés 1 
859 |a CEMS  |b BIB. CEMS - 11 de abril  |p SSR-91  |t Ej. 1